Excursion to enchantment : (Record no. 38)

MARC details
000 -LEADER
fixed length control field 00860cam a2200265 a 4500
005 - DATE AND TIME OF LATEST TRANSACTION
control field 20260322212004.0
008 - FIXED-LENGTH DATA ELEMENTS--GENERAL INFORMATION
fixed length control field data
010 ## - LIBRARY OF CONGRESS CONTROL NUMBER
LC control number 88019520
020 ## - INTERNATIONAL STANDARD BOOK NUMBER
International Standard Book Number 0870446673 :
Terms of availability {dollar}7.95
020 ## - INTERNATIONAL STANDARD BOOK NUMBER
International Standard Book Number 087044672X (lib. bdg.)
020 ## - INTERNATIONAL STANDARD BOOK NUMBER
International Standard Book Number 9780870446672 :
Terms of availability {dollar}7.95
020 ## - INTERNATIONAL STANDARD BOOK NUMBER
International Standard Book Number 9780870446726 (lib. bdg.)
040 ## - CATALOGING SOURCE
Original cataloging agency DLC
Transcribing agency DLC
Modifying agency DLC
050 00 - LIBRARY OF CONGRESS CALL NUMBER
Classification number G465
Item number .E95 1988
082 00 - DEWEY DECIMAL CLASSIFICATION NUMBER
Classification number 910.4
Edition information 19
092 ## - LOCALLY ASSIGNED DEWEY CALL NUMBER (OCLC)
Classification number 910.4 E95 1988
001 - CONTROL NUMBER
control field data
245 10 - TITLE STATEMENT
Title Excursion to enchantment :
Remainder of title a journey to the world's most beautiful places /
Statement of responsibility, etc. National Geographic Society (U.S.).
260 ## - PUBLICATION, DISTRIBUTION, ETC.
Place of publication, distribution, etc. Washington, D.C. :
Name of publisher, distributor, etc. The Society,
Date of publication, distribution, etc. c1988.
300 ## - PHYSICAL DESCRIPTION
Extent 196, [4] p. :
Other physical details col. ill. ;
Dimensions 26 cm.
500 ## - GENERAL NOTE
General note Includes index.
504 ## - BIBLIOGRAPHY, ETC. NOTE
Bibliography, etc. note Bibliography: p. [199]
650 #0 - SUBJECT ADDED ENTRY--TOPICAL TERM
Topical term or geographic name entry element Voyages and travels.
720 2# - ADDED ENTRY--UNCONTROLLED NAME
Name National Geographic Society (U.S.).
-- Special Publications Division.
Holdings
Withdrawn status Lost status Damaged status Not for loan Home library Current library Shelving location Date acquired Total checkouts Full call number Barcode Date last seen Price effective from Koha item type
        Centerville Centerville General stacks 22/03/2026   910.4 19 BC0010038 22/03/2026 22/03/2026 Books